Cities in the U.S. Midwest Region on a Map - Statistics

General Stats
  • This quiz has been taken 1,290 times
    418 since last reset
  • The average score is 25 of 30
Answers on the Map
Answers color-coded by a green-red scale on the quiz's map according to % correct below.
 
Answer Stats
State City % Correct
Illinois Chicago
98%
Michigan Detroit
98%
Minnesota Minneapolis
98%
Ohio Cleveland
97%
Ohio Columbus
97%
Indiana Indianapolis
97%
Ohio Cincinnati
96%
Wisconsin Milwaukee
95%
Minnesota Saint Paul
95%
Iowa Des Moines
94%
Missouri Kansas City
94%
Missouri Saint Louis
94%
Illinois Springfield
92%
Wisconsin Madison
91%
Nebraska Lincoln
90%
Nebraska Omaha
90%
Michigan Lansing
89%
Missouri Jefferson City
81%
Ohio Akron
80%
Michigan Grand Rapids
77%
Minnesota Duluth
76%
Ohio Dayton
75%
Indiana Fort Wayne
73%
Michigan Ann Arbor
70%
Iowa Cedar Rapids
66%
Michigan Flint
62%
Illinois Peoria
61%
Indiana South Bend
61%
Minnesota Rochester
54%
Illinois Joliet
48%
No matching quizzes found
Score Distribution
Percent of People with Each Score
Percentile by Number Answered
Your Score History
You have not taken this quiz since the last reset